LEADER 00743nam2 22002291i 450 001 990007818910403321 035 $a000781891 035 $aFED01000781891 035 $a(Aleph)000781891FED01 035 $a000781891 100 $a20030801d--------km-y0itay50------ba 200 1 $aPersona, riservatezza, identità. Prime notesistematiche sulla protezione dei datipersonali v.5 pp.465-490 463 0$1001000777920 610 0 $a 701 1$aRodotà,$bStefano$f<1933- >$0166939 801 0$aIT$bUNINA$gRICA$2UNIMARC 901 $aBK 912 $a990007818910403321 959 $aDDCP 996 $aPersona, riservatezza, identità. Prime notesistematiche sulla protezione dei datipersonali v.5 pp.465-490$9664467 997 $aUNINA DB $aGEN01 LEADER 01800nam 2200529 450 001 9910819393003321 005 20220602013200.0 010 $a84-9085-947-7 035 $a(CKB)3710000001010948 035 $a(MiAaPQ)EBC4823806 035 $a(MiAaPQ)EBC6522357 035 $a(Au-PeEL)EBL6522357 035 $a(OCoLC)1246572916 035 $a(OCoLC)992010610 035 $a(FlNmELB)ELB96861 035 $a(EXLCZ)993710000001010948 100 $a20220602d2016 uy 0 101 0 $aspa 135 $aurcnu|||||||| 181 $2rdacontent 182 $2rdamedia 183 $2rdacarrier 200 10$aBullying, ciberbullying y acoso con elementos sexuales $edesde la prevencio?n a la reparacio?n del dan?o /$fFa?tima Pe?rez Ferrer and Ana Maria Pe?rez Vallejo 210 1$aMadrid, Spain :$cDykinson, S. L.,$d[2016] 210 4$d©2016 215 $a1 online resource (250 páginas) 225 1 $aColección Monografías de derecho penal 300 $aContiene índice. 311 $a84-9085-903-5 320 $aContiene bibliografía. 410 0$aColección Monografías de derecho penal. 606 $aBullying in schools$xLaw and legislation$zSpain 606 $aCyberbullying$xLaw and legislation$zSpain 606 $aBullying in schools$zSpain$xPrevention 615 0$aBullying in schools$xLaw and legislation 615 0$aCyberbullying$xLaw and legislation 615 0$aBullying in schools$xPrevention. 676 $a302.34302854678 700 $aPe?rez Ferrer$b Fa?tima$0851185 702 $aPe?rez Vallejo$b Ana Mari?a 801 0$bMiAaPQ 801 1$bMiAaPQ 801 2$bMiAaPQ 906 $aBOOK 912 $a9910819393003321 996 $aBullying, ciberbullying y acoso con elementos sexuales$94049585 997 $aUNINA